| 000 -GUIDE |
| Champ de contrôle de longueur fixe |
01007 a2200241 4500 |
| 003 - IDENTITÉ DU NUMÉRO DE CONTRÔLE |
| Champ de contrôle |
BI-BuBU |
| 008 - ÉLÉMENTS DE LONGUEUR FIXE - RENSEIGNEMENTS GÉNÉRAUX |
| Champ de contrôle de longueur fixe |
111220t1987 bd ||||dr|||| 000 0 fre d |
| 037 ## - SOURCE D'ACQUISITION |
| Source d'acquisition et du numéro d'inventaire |
Fonds FACAGRO |
| 039 ## - NIVEAU DE CONTRÔLE BIBLIOGRAPHIQUE ET HISTORIQUE D'ENCODAGE [OBSOLETE] |
| Date creation |
20111220153225.0 |
| Nom catalographe |
Nshimirimana Anne-Marie |
| 040 ## - SOURCE DU CATALOGAGE |
| Organisme qui a effectué le catalogage original |
BI-BuBU |
| Code de la langue utilisée dans le catalogage |
fre |
| Organisme qui a effectué la transcription |
BI-BuBU |
| 041 0# - CODE DE LANGUE |
| Code de langue du texte/de la piste sonore ou du titre distinct |
fre |
| 080 ## - INDICE DE LA CLASSIFICATION DÉCIMALE UNIVERSELLE (CDU) |
| Indice de la Classification décimale universelle |
633. |
| 100 1# - VEDETTE PRINCIPALE - NOM DE PERSONNE |
| Code de relation |
aut |
| Nom de personne |
Bergen, D.W. |
| 245 10 - MENTION DU TITRE |
| Titre |
Etude socio-čonomique sur les cultures du haricot et du mas̐ dans le Buyenzi |
| Reste du titre |
Approche du systm̈e d'exploitation en commune BUSIGA |
| Mention de responsabilité, etc. |
D.W. Bergen |
| 260 ## - PUBLICATION, DIFFUSION, ETC. (ADRESSE BIBLIOGRAPHIQUE) |
| Lieu de publication, diffusion, etc. |
Bujumbura |
| Nom de l'éditeur, diffuseur, etc. |
Institut des Sciences Agronomiques du Burundi, Sercice de Socio-čonomie rurale |
| Date of publication, distribution, etc |
1987 |
| 300 ## - DESCRIPTION MATÉRIELLE |
| Collation |
441 p. |
| Dimensions |
30 cm. |
| 650 #7 - VEDETTE-MATIÈRE - NOM COMMUN |
| Source du terme |
BI-BuBU |
| Vedette de sujet ou vedette comportant un nom géographique |
Culture vivrir̈e. Exploitation |
| 9 (RLIN) |
49808 |
| 650 #7 - VEDETTE-MATIÈRE - NOM COMMUN |
| Source du terme |
BI-BuBU |
| Vedette de sujet ou vedette comportant un nom géographique |
Haricot. Exploitation |
| 9 (RLIN) |
49809 |
| 650 #5 - VEDETTE-MATIÈRE - NOM COMMUN |
| Source du terme |
BI-BuBU |
| Vedette de sujet ou vedette comportant un nom géographique |
Mas̐. Exploitation |
| 9 (RLIN) |
49810 |
| 942 ## - ÉLÉMENTS D'ENTRÉE ADDITIONNELLE (KOHA) |
| Source de la classification ou du système de rangement |
|
| Type d item koha |
BOOK |